| 000 | 00686nam a22001937a 4500 | ||
|---|---|---|---|
| 005 | 20251108172630.0 | ||
| 008 | 250721s1999 xx 000 0 ara d | ||
| 082 | 1 | 4 | _a628,4/جار |
| 100 | 1 | _aجاردنز، جاري | |
| 245 | 1 | 0 | _aإعاده تدوير النفايات العضويه : من ملوثات الحفر و حتى الموارد الزراعيه / |
| 264 | 1 |
_aالقاهره : _bالدوليه لأستثمارات الثقافيه، _c1999. |
|
| 300 | _a100 ص. | ||
| 650 | 1 | 7 | _aهندسة البيئة |
| 650 | 1 | 7 | _aالفضلات العضوية |
| 650 | 1 | 7 | _aالفضلات |
| 700 | 1 |
_aزكي، شويكار _eمترجم |
|
| 942 |
_2ddc _cBK |
||
| 999 |
_c84538 _d84538 |
||